Top 10 Best English Football Players of All Time - Statistics

General Stats
  • This quiz has been taken 169 times
  • The average score is 6 of 10
Answer Stats
Pos. No. Player % Correct
2. Wayne Rooney
83%
1. Steven Gerrard
77%
4. Frank Lampard
75%
3. David Beckham
73%
5. Bobby Charlton
69%
8. Paul Scholes
53%
9. Gary Lineker
49%
6. John Terry
42%
7. Paul Gascoigne
23%
10. Bobby Moore
16%
No matching quizzes found
Score Distribution
Percent of People with Each Score
Percentile by Number Answered
Your Score History
You have not taken this quiz